000 00537nam a2200169 4500
001 126072
003 ES-MaACL
005 20230906192741.0
007 t|
008 070214s1972 sp r ||||1| spa d
100 1 _aReina Aguilar, Manuel.
_996033
245 1 0 _aComunidad de propietarios de pisos y locales /
_cManuel Reina Aguilar ; prólogo de Alfonso Vázquez Fraile.
260 _aBarcelona :
_bAura,
_c1972.
300 _a123 p. ;
_c21 cm.
700 1 _aVázquez Fraile, Alfonso.
_9113443
852 _aES-MaACL
_jC-45761
_bR.83675
999 _c126072
_d126072